Normal view
MARC view
Entry Personal Name
001 - CONTROL NUMBER
- control field: 5815
003 - CONTROL NUMBER IDENTIFIER
- control field: OSt
005 - DATE AND TIME OF LATEST TRANSACTION
- control field: 20190520104834.0
008 - FIXED-LENGTH DATA ELEMENTS
- fixed length control field: 190520|| aca||aabn | a|a d
040 ## - CATALOGING SOURCE
- Original cataloging agency: OSt
- Transcribing agency: OSt
100 ## - HEADING--PERSONAL NAME
- Personal name: Tulumello, Simone
670 ## - SOURCE DATA FOUND
- Source citation: Work cat.: (OSt): Tulumello, Simone, The multiscalar nature of urban security and public safety: crime prevention from local policy to policing in Lisbon (Portugal) and Memphis (the United States), 2018
